000 00822nac a22002297a 4500
001 BR9101519
003 BR-BrBNA
005 20240221140659.0
008 230509b bl.|||m| |||| 00| 0 por d
040 _aBR-BrBNA
_bpor
_cBiblioteca Nacional de Agricultura
072 _aA50
090 _aA50
_bBR9101519
110 1 _aEmpresa Brasileira de Pesquisa Agropecuaria, Brasilia, DF (Brasil). Depto. de Difusao de Tecnologia
_93839
245 1 _aDocumento orientador da pesquisa em difusao de tecnologia
260 3 _aBrasilia, DF (Brasil):
_c1983.
300 _a19 p.
490 _aDocumentos - Empresa Brasileira de Pesquisa Agropecuaria. Depto. de Difusao de Tecnologia (Brazil)
_vNo. 7
650 _aPESQUISA AGRICOLA
650 _aDIFUSAO DE TECNOLOGIA
650 _aINSTITUICAO DE PESQUISA
942 _2AGRIS
_n0
_cMS
999 _c283632
_d283632